Rajasthani Folk art from India (Record no. 48249)

MARC details
000 -LEADER
fixed length control field 00388nam a2200157Ia 4500
008 - FIXED-LENGTH DATA ELEMENTS--GENERAL INFORMATION
fixed length control field 220805s9999 xx 000 0 und d
020 ## - INTERNATIONAL STANDARD BOOK NUMBER
International Standard Book Number 81-87853-63-8
041 ## - LANGUAGE CODE
Language code of text/sound track or separate title eng
082 ## - DEWEY DECIMAL CLASSIFICATION NUMBER
Classification number 746.52
100 ## - MAIN ENTRY--PERSONAL NAME
Personal name Prakash, K
9 (RLIN) 87675
260 ## - PUBLICATION, DISTRIBUTION, ETC. (IMPRINT)
Place of publication, distribution, etc. Mumbai
Name of publisher, distributor, etc. English Edition
Date of publication, distribution, etc. 2003
245 ## - TITLE STATEMENT
Title Rajasthani Folk art from India
250 ## - EDITION STATEMENT
Edition statement 1
300 ## - PHYSICAL DESCRIPTION
Extent 50
650 ## - SUBJECT ADDED ENTRY--TOPICAL TERM
Topical term or geographic name as entry element Decorative folk art
9 (RLIN) 87676
Holdings
Withdrawn status Lost status Damaged status Not for loan Collection code Home library Current library Date acquired Vendor Cost, normal purchase price Total Checkouts Full call number Barcode Date last seen Bill Date Koha item type Original Barcode
          Manilal Nanavati Vocational Training Institute Pune Manilal Nanavati Vocational Training Institute Pune 09/08/2022 Purchase 325.00   746.52/PRA/B805 MNVT-BK-805 09/08/2022 09/08/2022 Books B805